| 000 | 00000nas 2200000zi 4500 |
| 001 | 9.932007 |
| 003 | CaOODSP |
| 005 | 20250127110753 |
| 006 | m o d f |
| 007 | cr cn||||||||| |
| 008 | 240103c20239999oncar p o f0 b0fre|d |
| 022 | |a2817-9463 |
| 040 | |aCaOODSP|bfre |
| 043 | |an-cn--- |
| 086 | 1 |aF1-63F-PDF |
| 110 | 1 |aCanada. |bMinistère des finances, |eauteur, |eorganisme de publication. |
| 222 | 0|aRapport d'étape de ... sur l'accessibilité |b(Canada. Ministè€re des finances) |
| 245 | 10|aRapport d'étape de ... sur l'accessibilité. |
| 264 | 1|aOttawa (Ontario) : |bMinistère des finances Canada = Department of Finance Canada, |c[2023]- |
| 310 | |aAnnuel |
| 336 | |atexte|btxt|2rdacontent/fre |
| 337 | |ainformatique|bc|2rdamedia/fre |
| 338 | |aressource en ligne|bcr|2rdacarrier/fre |
| 362 | 1 |aParaît depuis : 2023. |
| 500 | |aPublié aussi en anglais sous le titre : Accessibility progress report. |
| 588 | |aDescription d'après : 2023; titre de la page couverture du fichier PDF. |
| 588 | |aDernière livraison consultée : 2023. |
| 610 | 16|aCanada.|bMinistère des finances|vPériodiques. |
| 650 | 6|aAccessibilité aux personnes handicapées|zCanada|xPlanification|vPériodiques. |
| 650 | 6|aPersonnes handicapées|xPolitique gouvernementale|zCanada|vPériodiques. |
| 655 | 7|aPériodiques|2rvmgf |
| 775 | 08|tAccessibility progress report.|w(CaOODSP)9.932008 |